[Event "MP do lat 18 - dziewczeta"]
[Site "Sypniewo"]
[Date "2022.03.19"]
[Round "1.10"]
[White "Lukasik, Zuzanna"]
[Black "Krzyzosiak, Anna"]
[Result "1-0"]
[BlackElo "1489"]
[WhiteElo "1786"]
[LiveChessVersion "1.4.8"]

1. e4 {[%clk 1:30:53]} c5 {[%clk 1:30:53]} 2. Nf3 {[%clk 1:30:46]} d6
{[%clk 1:31:14]} 3. c3 {[%clk 1:30:45]} Nf6 {[%clk 1:31:20]} 4. Bd3
{[%clk 1:30:43]} Nc6 {[%clk 1:27:53]} 5. Bc2 {[%clk 1:29:39]} d5 {[%clk 1:22:14]}
6. e5 {[%clk 1:28:15]} Nd7 {[%clk 1:20:08]} 7. e6 {[%clk 1:23:36]} fxe6
{[%clk 1:09:29]} 8. Ng5 {[%clk 1:23:05]} Nf6 {[%clk 1:06:37]} 9. Bxh7
{[%clk 1:02:38]} Ne5 {[%clk 0:45:31]} 10. d4 {[%clk 0:55:14]} Nxh7
{[%clk 0:35:52]} 11. dxe5 {[%clk 0:44:21]} Nxg5 {[%clk 0:32:30]} 12. Bxg5
{[%clk 0:44:45]} Qc7 {[%clk 0:27:27]} 13. Qe2 {[%clk 0:40:48]} Bd7
{[%clk 0:23:32]} 14. O-O {[%clk 0:34:07]} O-O-O {[%clk 0:18:02]} 15. Rc1
{[%clk 0:29:44]} g6 {[%clk 0:16:29]} 16. Qe3 {[%clk 0:26:34]} b6 {[%clk 0:11:49]}
17. b4 {[%clk 0:22:22]} c4 {[%clk 0:09:03]} 18. a4 {[%clk 0:21:18]} Re8
{[%clk 0:08:22]} 19. a5 {[%clk 0:19:22]} b5 {[%clk 0:07:33]} 20. a6
{[%clk 0:15:21]} Bg7 {[%clk 0:06:59]} 21. f4 {[%clk 0:14:10]} Bh6
{[%clk 0:06:45]} 22. Bxh6 {[%clk 0:10:47]} Rxh6 {[%clk 0:07:09]} 23. Nd2
{[%clk 0:10:36]} Reh8 {[%clk 0:03:39]} 24. Nf3 {[%clk 0:10:37]} Bc6
{[%clk 0:03:06]} 25. h3 {[%clk 0:07:19]} Rh5 {[%clk 0:02:09]} 26. Nd4
{[%clk 0:06:41]} Bd7 {[%clk 0:02:12]} 27. Rf1 {[%clk 0:05:47]} Rg8
{[%clk 0:01:37]} 28. Qf3 {[%clk 0:05:17]} Rgh8 {[%clk 0:01:47]} 29. Qg3
{[%clk 0:04:40]} Rg8 {[%clk 0:00:59]} 30. Qg4 {[%clk 0:04:31]} Qb6
{[%clk 0:01:18]} 31. Rf2 {[%clk 0:04:22]} Rh7 {[%clk 0:00:49]} 32. Ra5
{[%clk 0:04:25]} Rhg7 {[%clk 0:00:51]} 33. h4 {[%clk 0:04:29]} Rh8
{[%clk 0:00:47]} 34. g3 {[%clk 0:04:45]} Rhg8 {[%clk 0:00:37]} 35. Qf3
{[%clk 0:04:18]} Rh8 {[%clk 0:00:40]} 36. Kg2 {[%clk 0:04:08]} Kc7
{[%clk 0:00:35]} 37. Re2 {[%clk 0:04:08]} Kc8 {[%clk 0:00:39]} 38. Nc2
{[%clk 0:03:39]} Kc7 {[%clk 0:00:46]} 39. Na3 {[%clk 0:03:44]} Kc8
{[%clk 0:00:38]} 40. Qf2 {[%clk 0:32:15]} Kc7 {[%clk 0:30:40]} 41. Rb2
{[%clk 0:20:57]} Qxf2+ {[%clk 0:29:37]} 42. Kxf2 {[%clk 0:20:33]} Kb6
{[%clk 0:29:21]} 43. Nc2 {[%clk 0:20:39]} Rgh7 {[%clk 0:27:20]} 44. Kf3
{[%clk 0:19:29]} Rh5 {[%clk 0:26:17]} 45. Nd4 {[%clk 0:19:30]} Rf8
{[%clk 0:23:02]} 46. Kg2 {[%clk 0:19:16]} Rfh8 {[%clk 0:21:37]} 47. Nf3
{[%clk 0:18:14]} Rf8 {[%clk 0:20:18]} 48. Ng5 {[%clk 0:17:45]} Bc8
{[%clk 0:13:40]} 49. Ra1 {[%clk 0:16:31]} Bd7 {[%clk 0:11:51]} 50. Kh3
{[%clk 0:16:12]} Rfh8 {[%clk 0:11:00]} 51. Nf7 {[%clk 0:16:02]} R8h7
{[%clk 0:10:12]} 52. Ng5 {[%clk 0:16:11]} Rh8 {[%clk 0:10:30]} 53. Kg4
{[%clk 0:16:03]} Bc8 {[%clk 0:07:15]} 54. Kf3 {[%clk 0:16:11]} Bd7
{[%clk 0:05:12]} 55. Ke3 {[%clk 0:15:49]} Bc8 {[%clk 0:04:43]} 56. Rh2
{[%clk 0:15:14]} Bd7 {[%clk 0:04:05]} 57. Nf7 {[%clk 0:15:02]} R8h7
{[%clk 0:04:03]} 58. Ng5 {[%clk 0:14:44]} Rh8 {[%clk 0:04:26]} 59. Nf3
{[%clk 0:15:02]} Bc8 {[%clk 0:02:08]} 60. Ra3 {[%clk 0:12:58]} Bd7
{[%clk 0:02:13]} 61. Rh1 {[%clk 0:12:55]} Bc8 {[%clk 0:02:11]} 62. Kf2
{[%clk 0:13:02]} Bd7 {[%clk 0:01:56]} 63. Ra2 {[%clk 0:12:53]} Bc8
{[%clk 0:01:49]} 64. g4 {[%clk 0:12:19]} R5h7 {[%clk 0:01:32]} 65. Kg3
{[%clk 0:12:20]} Rh6 {[%clk 0:00:40]} 66. Ng5 {[%clk 0:12:24]} Rf8
{[%clk 0:00:38]} 67. Rhh2 {[%clk 0:11:31]} Bd7 {[%clk 0:00:46]} 68. h5
{[%clk 0:09:14]} gxh5 {[%clk 0:00:52]} 69. Rxh5 {[%clk 0:07:49]} Rxh5
{[%clk 0:00:58]} 70. gxh5 {[%clk 0:08:12]} Rh8 {[%clk 0:01:03]} 71. Rh2
{[%clk 0:07:59]} Rh6 {[%clk 0:00:37]} 72. Nf7 {[%clk 0:08:14]} Rh7
{[%clk 0:00:45]} 73. h6 {[%clk 0:07:18]} Be8 {[%clk 0:00:34]} 74. Ng5
{[%clk 0:07:16]} Rh8 {[%clk 0:00:52]} 75. Nxe6 {[%clk 0:06:26]} Bd7
{[%clk 0:00:33]} 76. Ng5 {[%clk 0:06:00]} Kxa6 {[%clk 0:00:35]} 77. e6
{[%clk 0:03:44]} Be8 {[%clk 0:00:40]} 78. f5 {[%clk 0:03:48]} Kb6
{[%clk 0:00:36]} 79. Kf4 {[%clk 0:03:14]} Kc6 {[%clk 0:00:33]} 80. Ke5
{[%clk 0:02:17]} a6 {[%clk 0:00:31]} 81. h7 {[%clk 0:02:33]} Kc7 {[%clk 0:00:34]}
82. Kxd5 {[%clk 0:02:17]} Kd8 {[%clk 0:00:31]} 83. Ra2 {[%clk 0:02:10]} 1-0

[Event "MP do lat 18 - dziewczeta"]
[Site "Sypniewo"]
[Date "2022.03.19"]
[Round "1.11"]
[White "Kukula, Klara"]
[Black "Bugaj, Hanna"]
[Result "0-1"]
[BlackElo "1782"]
[WhiteElo "1464"]
[LiveChessVersion "1.4.8"]

1. c4 {[%clk 1:30:59]} e6 {[%clk 1:30:29]} 2. g3 {[%clk 1:31:19]} d5
{[%clk 1:30:12]} 3. Bg2 {[%clk 1:31:35]} c6 {[%clk 1:21:47]} 4. d3
{[%clk 1:20:43]} Bd6 {[%clk 1:19:25]} 5. e3 {[%clk 1:02:18]} Nf6 {[%clk 1:18:11]}
6. Nc3 {[%clk 1:00:42]} O-O {[%clk 1:17:21]} 7. Nge2 {[%clk 1:00:51]} Na6
{[%clk 1:06:18]} 8. a3 {[%clk 0:57:10]} Nc7 {[%clk 1:05:27]} 9. b4
{[%clk 0:43:18]} e5 {[%clk 0:55:57]} 10. c5 {[%clk 0:34:23]} Be7 {[%clk 0:56:19]}
11. f4 {[%clk 0:34:09]} exf4 {[%clk 0:53:35]} 12. Nxf4 {[%clk 0:29:00]} d4
{[%clk 0:51:19]} 13. Ne4 {[%clk 0:29:06]} dxe3 {[%clk 0:44:29]} 14. Bxe3
{[%clk 0:29:11]} Ncd5 {[%clk 0:44:01]} 15. Nxd5 {[%clk 0:27:33]} Nxd5
{[%clk 0:35:43]} 16. Bd2 {[%clk 0:27:46]} f5 {[%clk 0:28:35]} 17. Nc3
{[%clk 0:26:54]} Nxc3 {[%clk 0:26:19]} 18. Bxc3 {[%clk 0:27:09]} Bf6
{[%clk 0:25:25]} 19. Qc2 {[%clk 0:27:08]} Re8+ {[%clk 0:21:31]} 20. Kf1
{[%clk 0:25:34]} Re3 {[%clk 0:16:21]} 21. Rd1 {[%clk 0:24:30]} f4
{[%clk 0:09:28]} 22. Bxf6 {[%clk 0:21:28]} Qxf6 {[%clk 0:09:36]} 23. gxf4
{[%clk 0:20:44]} Bg4 {[%clk 0:04:43]} 24. Qa2+ {[%clk 0:05:37]} Kh8
{[%clk 0:04:58]} 25. Rd2 {[%clk 0:04:55]} Rae8 {[%clk 0:05:02]} 26. Be4
{[%clk 0:04:06]} Qxf4+ {[%clk 0:05:19]} 0-1

[Event "MP do lat 18 - dziewczeta"]
[Site "Sypniewo"]
[Date "2022.03.19"]
[Round "1.12"]
[White "Siekanska, Zuzanna"]
[Black "Mytnik, Kinga"]
[Result "1-0"]
[BlackElo "1438"]
[WhiteElo "1756"]
[LiveChessVersion "1.4.8"]

1. d4 {[%clk 1:30:56]} g6 {[%clk 1:30:48]} 2. c4 {[%clk 1:31:20]} Bg7
{[%clk 1:30:58]} 3. Nc3 {[%clk 1:31:42]} c5 {[%clk 1:31:10]} 4. Nf3
{[%clk 1:29:31]} cxd4 {[%clk 1:30:25]} 5. Nxd4 {[%clk 1:29:14]} Nc6
{[%clk 1:29:21]} 6. e3 {[%clk 1:28:11]} f5 {[%clk 1:24:38]} 7. Be2
{[%clk 1:26:54]} Nf6 {[%clk 1:21:52]} 8. h4 {[%clk 1:25:49]} h5 {[%clk 1:12:44]}
9. Nf3 {[%clk 1:21:18]} d6 {[%clk 0:58:55]} 10. O-O {[%clk 1:10:18]} O-O
{[%clk 0:47:42]} 11. Ng5 {[%clk 1:08:50]} Ne5 {[%clk 0:42:04]} 12. Nd5
{[%clk 1:01:50]} Nh7 {[%clk 0:31:37]} 13. Nf3 {[%clk 0:40:19]} Be6
{[%clk 0:21:30]} 14. Rb1 {[%clk 0:38:49]} Bf7 {[%clk 0:19:28]} 15. g3
{[%clk 0:35:18]} Rb8 {[%clk 0:11:19]} 16. b3 {[%clk 0:34:18]} Nxf3+
{[%clk 0:11:17]} 17. Bxf3 {[%clk 0:34:38]} Nf6 {[%clk 0:11:00]} 18. Nxf6+
{[%clk 0:33:17]} Bxf6 {[%clk 0:11:27]} 19. e4 {[%clk 0:33:14]} Be6
{[%clk 0:08:35]} 20. Bh6 {[%clk 0:30:20]} Re8 {[%clk 0:07:38]} 21. Qc2
{[%clk 0:27:56]} Kh7 {[%clk 0:06:46]} 22. Be3 {[%clk 0:27:49]} a6
{[%clk 0:06:54]} 23. Rbd1 {[%clk 0:27:01]} Qa5 {[%clk 0:06:48]} 24. Bd4
{[%clk 0:21:07]} Bxd4 {[%clk 0:06:10]} 25. Rxd4 {[%clk 0:21:34]} Qe5
{[%clk 0:06:25]} 26. Qd2 {[%clk 0:17:16]} Rf8 {[%clk 0:05:42]} 27. exf5
{[%clk 0:17:15]} Bxf5 {[%clk 0:05:21]} 28. Re1 {[%clk 0:16:10]} Qf6
{[%clk 0:05:08]} 29. Bg2 {[%clk 0:13:40]} Rf7 {[%clk 0:04:23]} 30. b4
{[%clk 0:12:04]} b6 {[%clk 0:04:15]} 31. Bd5 {[%clk 0:10:57]} Rff8
{[%clk 0:03:56]} 32. Qe3 {[%clk 0:08:44]} Rfe8 {[%clk 0:03:13]} 33. Bc6
{[%clk 0:08:11]} e5 {[%clk 0:03:04]} 34. Rd2 {[%clk 0:07:47]} Rec8
{[%clk 0:03:00]} 35. Bd5 {[%clk 0:06:05]} Be6 {[%clk 0:02:31]} 36. Qd3
{[%clk 0:05:55]} Rd8 {[%clk 0:02:25]} 37. Re3 {[%clk 0:05:45]} Bg4
{[%clk 0:02:29]} 38. Qa3 {[%clk 0:04:15]} a5 {[%clk 0:01:08]} 39. bxa5
{[%clk 0:02:07]} bxa5 {[%clk 0:01:21]} 40. Qxa5 {[%clk 0:31:00]} Rb1+
{[%clk 0:31:29]} 41. Kh2 {[%clk 0:31:17]} Rf1 {[%clk 0:15:18]} 42. Kg2
{[%clk 0:28:58]} Rc1 {[%clk 0:14:32]} 43. Qa3 {[%clk 0:27:25]} Rd1
{[%clk 0:12:32]} 44. Rxd1 {[%clk 0:26:17]} Bxd1 {[%clk 0:12:56]} 45. Bf3
{[%clk 0:21:09]} Bc2 {[%clk 0:12:33]} 46. Bd5 {[%clk 0:18:24]} Bf5
{[%clk 0:10:50]} 47. Qb4 {[%clk 0:15:06]} Rf8 {[%clk 0:10:23]} 48. Qb2
{[%clk 0:14:14]} Qe7 {[%clk 0:08:23]} 49. Rb3 {[%clk 0:12:43]} Bc8
{[%clk 0:05:04]} 50. a4 {[%clk 0:12:07]} Qa7 {[%clk 0:03:44]} 51. Ra3
{[%clk 0:11:07]} Qc5 {[%clk 0:02:50]} 52. Rf3 {[%clk 0:08:49]} Rxf3
{[%clk 0:02:09]} 53. Kxf3 {[%clk 0:09:16]} Qa5 {[%clk 0:01:58]} 54. Qb5
{[%clk 0:08:10]} Qe1 {[%clk 0:01:06]} 55. Kg2 {[%clk 0:07:20]} e4
{[%clk 0:01:12]} 56. Qb6 {[%clk 0:04:20]} Bh3+ {[%clk 0:01:07]} 57. Kh2
{[%clk 0:04:22]} Bg4 {[%clk 0:00:40]} 58. Qa7+ {[%clk 0:04:22]} Kh8
{[%clk 0:00:46]} 59. Qd4+ {[%clk 0:04:46]} Kh7 {[%clk 0:01:05]} 60. Bxe4
{[%clk 0:04:41]} Qf1 1-0

[Event "MP do lat 18 - dziewczeta"]
[Site "Sypniewo"]
[Date "2022.03.19"]
[Round "1.14"]
[White "Pisarek, Elzbieta"]
[Black "Szewczyk, Malwina"]
[Result "1-0"]
[BlackElo "1433"]
[WhiteElo "1704"]
[LiveChessVersion "1.4.8"]

1. e4 {[%clk 1:30:57]} c5 {[%clk 1:30:42]} 2. Nf3 {[%clk 1:31:15]} g6
{[%clk 1:30:37]} 3. d4 {[%clk 1:22:48]} cxd4 {[%clk 1:29:54]} 4. Nxd4
{[%clk 1:22:23]} Bg7 {[%clk 1:30:16]} 5. c4 {[%clk 1:22:16]} Qb6 {[%clk 1:22:58]}
6. Nb3 {[%clk 1:18:09]} d6 {[%clk 1:19:54]} 7. Nc3 {[%clk 1:13:30]} Nf6
{[%clk 1:17:42]} 8. Be3 {[%clk 1:10:17]} Qd8 {[%clk 1:18:01]} 9. Be2
{[%clk 1:06:59]} Nc6 {[%clk 1:18:18]} 10. O-O {[%clk 1:05:37]} O-O
{[%clk 1:18:29]} 11. h3 {[%clk 1:01:30]} Be6 {[%clk 1:12:34]} 12. Nd4
{[%clk 0:58:52]} Nxd4 {[%clk 1:12:36]} 13. Bxd4 {[%clk 0:59:13]} Rc8
{[%clk 1:09:57]} 14. b3 {[%clk 0:57:28]} Qa5 {[%clk 1:09:04]} 15. Rc1
{[%clk 0:53:09]} a6 {[%clk 1:06:53]} 16. Qd3 {[%clk 0:50:50]} Bd7
{[%clk 1:04:46]} 17. Rc2 {[%clk 0:21:27]} b5 {[%clk 1:02:44]} 18. cxb5
{[%clk 0:20:45]} axb5 {[%clk 1:02:52]} 19. Rfc1 {[%clk 0:18:48]} b4
{[%clk 0:58:39]} 20. Nd1 {[%clk 0:12:41]} Rxc2 {[%clk 0:58:37]} 21. Rxc2 e5
{[%clk 0:55:30]} 22. Be3 {[%clk 0:08:37]} Nxe4 {[%clk 0:54:16]} 23. f3
{[%clk 0:06:38]} Ng3 {[%clk 0:54:26]} 24. Qxd6 {[%clk 0:05:17]} Bf5
{[%clk 0:52:42]} 25. Bb6 {[%clk 0:03:33]} Qa3 {[%clk 0:50:34]} 26. Rd2
{[%clk 0:02:56]} Bh6 {[%clk 0:49:39]} 27. Be3 {[%clk 0:02:08]} Bxe3+
{[%clk 0:48:25]} 28. Nxe3 {[%clk 0:02:34]} Qa7 {[%clk 0:48:13]} 29. Kh2
{[%clk 0:01:39]} Qxe3 {[%clk 0:48:13]} 30. Kxg3 {[%clk 0:01:58]} Qf4+
{[%clk 0:42:45]} 31. Kf2 {[%clk 0:02:10]} Qh4+ {[%clk 0:40:46]} 32. Kf1
{[%clk 0:02:10]} Rc8 {[%clk 0:38:32]} 33. Bc4 {[%clk 0:01:41]} Qf4
{[%clk 0:35:42]} 34. Ke2 {[%clk 0:00:39]} Qh2 {[%clk 0:35:04]} 35. Kf1
{[%clk 0:00:40]} Qh1+ {[%clk 0:34:29]} 36. Kf2 {[%clk 0:00:54]} Qh2
{[%clk 0:34:57]} 37. Qf6 {[%clk 0:00:34]} h5 {[%clk 0:25:57]} 38. Bxf7+
{[%clk 0:00:37]} Kh7 {[%clk 0:26:09]} 39. Bc4 {[%clk 0:00:38]} Bxh3
{[%clk 0:25:31]} 40. Qg5 {[%clk 0:30:35]} Bf5 {[%clk 0:51:18]} 41. Rd6
{[%clk 0:02:28]} e4 {[%clk 0:49:31]} 42. Rf6 {[%clk 0:01:51]} e3+
{[%clk 0:49:56]} 43. Ke2 {[%clk 0:01:01]} Rc7 {[%clk 0:47:18]} 44. Rxf5
{[%clk 0:00:37]} gxf5 {[%clk 0:43:58]} 45. Qxf5+ {[%clk 0:01:06]} Kg7
{[%clk 0:38:43]} 46. Qg5+ {[%clk 0:01:31]} Kf8 {[%clk 0:36:12]} 47. Qf6+
{[%clk 0:01:07]} Ke8 {[%clk 0:36:24]} 48. Bb5+ {[%clk 0:01:24]} Rd7
{[%clk 0:36:42]} 49. Qe6+ {[%clk 0:00:37]} Kf8 {[%clk 0:37:04]} 50. Bxd7
{[%clk 0:00:36]} Qxg2+ {[%clk 0:37:18]} 51. Kxe3 {[%clk 0:00:58]} Qg1+
{[%clk 0:37:17]} 52. Ke4 {[%clk 0:00:59]} Qb1+ {[%clk 0:36:55]} 53. Kd5
{[%clk 0:01:02]} Qd3+ {[%clk 0:37:04]} 54. Kc5 {[%clk 0:01:04]} Qc3+
{[%clk 0:37:03]} 55. Kb5 {[%clk 0:01:09]} Kg7 {[%clk 0:36:54]} 56. Qe7+
{[%clk 0:01:02]} Kg6 {[%clk 0:36:59]} 57. Qe4+ {[%clk 0:00:37]} Kf6
{[%clk 0:36:10]} 58. Qc6+ {[%clk 0:00:33]} Qxc6+ {[%clk 0:36:03]} 59. Bxc6
{[%clk 0:00:54]} 1-0

[Event "MP do lat 18 - dziewczeta"]
[Site "Sypniewo"]
[Date "2022.03.19"]
[Round "1.15"]
[White "Czerwinska, Oliwia"]
[Black "Sloniewska, Alicja"]
[Result "0-1"]
[BlackElo "1700"]
[WhiteElo "1428"]
[LiveChessVersion "1.4.8"]

1. e4 {[%clk 1:30:57]} c6 {[%clk 1:30:44]} 2. d4 {[%clk 1:31:22]} d5
{[%clk 1:30:54]} 3. exd5 {[%clk 1:31:35]} cxd5 {[%clk 1:31:02]} 4. Bd3
{[%clk 1:31:53]} Nc6 {[%clk 1:30:38]} 5. c3 {[%clk 1:32:02]} Nf6 {[%clk 1:30:40]}
6. Ne2 {[%clk 1:32:11]} Bg4 {[%clk 1:30:10]} 7. Qb3 {[%clk 1:32:12]} Bxe2
{[%clk 1:26:28]} 8. Bxe2 {[%clk 1:32:19]} Qd7 {[%clk 1:24:22]} 9. Nd2
{[%clk 1:28:22]} e6 {[%clk 1:24:13]} 10. Nf3 {[%clk 1:28:18]} Bd6
{[%clk 1:23:08]} 11. O-O {[%clk 1:27:43]} O-O {[%clk 1:22:48]} 12. Bb5
{[%clk 1:24:54]} a6 {[%clk 1:19:53]} 13. Bxc6 {[%clk 1:22:08]} Qxc6
{[%clk 1:17:50]} 14. Ne5 {[%clk 1:21:49]} Qc7 {[%clk 1:18:02]} 15. f4
{[%clk 1:20:02]} b5 {[%clk 1:17:14]} 16. Be3 {[%clk 1:15:40]} Rab8
{[%clk 1:14:00]} 17. Rac1 {[%clk 1:11:31]} Rfc8 {[%clk 1:11:31]} 18. Rf3
{[%clk 1:05:33]} Ne4 {[%clk 1:09:35]} 19. Qd1 {[%clk 1:00:33]} Qb7
{[%clk 1:04:29]} 20. Rh3 {[%clk 0:56:01]} b4 {[%clk 0:59:59]} 21. cxb4
{[%clk 0:46:21]} Bxb4 {[%clk 0:57:24]} 22. Rxc8+ {[%clk 0:41:48]} Rxc8
{[%clk 0:56:27]} 23. Qh5 {[%clk 0:36:31]} Nf6 {[%clk 0:55:29]} 24. Qg5
{[%clk 0:33:58]} Bf8 {[%clk 0:52:30]} 25. b3 {[%clk 0:25:28]} Qb4
{[%clk 0:50:30]} 26. Qh4 {[%clk 0:24:45]} Qc3 {[%clk 0:47:07]} 27. g4
{[%clk 0:17:19]} Qa1+ {[%clk 0:44:18]} 28. Kg2 {[%clk 0:17:38]} Rc2+
{[%clk 0:44:07]} 29. Bf2 {[%clk 0:14:07]} Qxd4 {[%clk 0:42:53]} 30. g5
{[%clk 0:13:41]} Qe4+ {[%clk 0:43:10]} 31. Rf3 {[%clk 0:13:43]} Ne8
{[%clk 0:42:29]} 32. Qh5 {[%clk 0:12:40]} Nd6 {[%clk 0:38:59]} 33. h4
{[%clk 0:10:47]} Rxa2 {[%clk 0:34:31]} 34. Qg4 {[%clk 0:10:20]} Ra1
{[%clk 0:26:37]} 35. Nd3 {[%clk 0:08:18]} Qe2 {[%clk 0:24:51]} 36. Qh3
{[%clk 0:04:33]} Ne4 {[%clk 0:21:24]} 37. Kh2 {[%clk 0:02:39]} Rf1
{[%clk 0:19:42]} 38. Qg2 {[%clk 0:02:22]} Nxf2 {[%clk 0:19:34]} 39. Rxf2
{[%clk 0:01:38]} Rxf2 {[%clk 0:19:50]} 40. Nxf2 {[%clk 0:32:02]} Bc5
{[%clk 0:49:54]} 41. Kg3 {[%clk 0:31:06]} Qxf2+ {[%clk 0:49:47]} 42. Qxf2
{[%clk 0:31:28]} Bxf2+ {[%clk 0:50:10]} 43. Kxf2 {[%clk 0:31:53]} Kf8
{[%clk 0:50:30]} 44. Ke3 {[%clk 0:32:17]} Ke7 {[%clk 0:50:53]} 45. Kd4
{[%clk 0:32:39]} Kd6 {[%clk 0:51:18]} 46. b4 {[%clk 0:32:57]} f6 {[%clk 0:51:31]}
47. h5 {[%clk 0:32:50]} e5+ {[%clk 0:51:42]} 48. fxe5+ {[%clk 0:33:10]} fxe5+
{[%clk 0:52:05]} 49. Ke3 {[%clk 0:33:32]} Ke6 {[%clk 0:52:23]} 0-1

[Event "MP do lat 18 - dziewczeta"]
[Site "Sypniewo"]
[Date "2022.03.19"]
[Round "1.16"]
[White "Krzyzosiak, Marta"]
[Black "Kulpa, Karolina"]
[Result "1-0"]
[BlackElo "1406"]
[WhiteElo "1698"]
[LiveChessVersion "1.4.8"]

1. e4 c5 {[%clk 1:30:48]} 2. Nf3 {[%clk 1:31:15]} d6 {[%clk 1:31:05]} 3. d4
{[%clk 1:31:22]} cxd4 {[%clk 1:31:23]} 4. Nxd4 {[%clk 1:31:40]} Nf6
{[%clk 1:31:33]} 5. f3 {[%clk 1:31:49]} a6 {[%clk 1:30:58]} 6. c4
{[%clk 1:31:50]} e6 {[%clk 1:19:40]} 7. Nc3 {[%clk 1:27:28]} Be7 {[%clk 1:17:01]}
8. Be3 {[%clk 1:26:09]} Qc7 {[%clk 1:15:05]} 9. Qd2 {[%clk 1:22:04]} b6
{[%clk 1:13:15]} 10. Be2 {[%clk 1:18:32]} Bb7 {[%clk 1:12:31]} 11. O-O
{[%clk 1:15:17]} Nbd7 {[%clk 1:06:04]} 12. Rfd1 {[%clk 1:08:46]} h6
{[%clk 0:58:03]} 13. Rac1 {[%clk 1:00:14]} g5 {[%clk 0:47:45]} 14. b4
{[%clk 0:43:32]} g4 {[%clk 0:30:57]} 15. b5 {[%clk 0:16:44]} a5 {[%clk 0:24:29]}
16. Nc6 {[%clk 0:12:03]} Bf8 {[%clk 0:17:34]} 17. fxg4 {[%clk 0:06:10]} Ne5
{[%clk 0:06:55]} 18. Nxe5 {[%clk 0:05:42]} dxe5 {[%clk 0:07:17]} 19. Bf3
{[%clk 0:05:12]} Rg8 {[%clk 0:04:38]} 20. h3 {[%clk 0:04:42]} Bc5
{[%clk 0:03:32]} 21. Bxc5 {[%clk 0:03:07]} Qxc5+ {[%clk 0:03:51]} 22. Qf2
{[%clk 0:03:13]} Qe7 {[%clk 0:02:53]} 23. Qxb6 {[%clk 0:03:07]} Rc8
{[%clk 0:02:05]} 24. Ne2 {[%clk 0:01:43]} Nxe4 {[%clk 0:01:23]} 25. Bxe4
{[%clk 0:01:44]} Bxe4 {[%clk 0:01:47]} 26. c5 {[%clk 0:02:00]} f5
{[%clk 0:01:45]} 27. Rd6 {[%clk 0:01:32]} Kf7 {[%clk 0:02:04]} 28. Rcd1
{[%clk 0:01:40]} Kf6 {[%clk 0:02:03]} 29. Ng3 {[%clk 0:01:40]} Rge8
{[%clk 0:01:54]} 30. Nxe4+ {[%clk 0:01:23]} fxe4 {[%clk 0:02:18]} 31. Rd7
{[%clk 0:01:46]} Qxc5+ {[%clk 0:02:29]} 32. Qxc5 {[%clk 0:01:55]} Rxc5
{[%clk 0:02:54]} 33. b6 {[%clk 0:01:18]} Rb5 {[%clk 0:03:10]} 34. b7
{[%clk 0:01:22]} Rb8 {[%clk 0:03:33]} 35. Rf1+ {[%clk 0:01:04]} Kg6
{[%clk 0:03:09]} 36. Rff7 {[%clk 0:01:05]} Kg5 {[%clk 0:02:56]} 37. Kf2
{[%clk 0:00:45]} Rb1 {[%clk 0:02:36]} 38. g3 {[%clk 0:00:50]} h5 {[%clk 0:02:09]}
39. Rg7+ {[%clk 0:01:13]} Kh6 {[%clk 0:02:29]} 40. g5# {[%clk 0:31:38]} 1-0

[Event "MP do lat 18 - dziewczeta"]
[Site "Sypniewo"]
[Date "2022.03.19"]
[Round "1.17"]
[White "Pawlak, Emilia"]
[Black "Kieca, Aleksandra"]
[Result "0-1"]
[BlackElo "1696"]
[WhiteElo "1402"]
[LiveChessVersion "1.4.8"]

1. c4 e5 {[%clk 1:30:38]} 2. g3 {[%clk 1:31:16]} Nf6 {[%clk 1:30:27]} 3. Bg2
{[%clk 1:31:32]} d5 {[%clk 1:29:48]} 4. cxd5 {[%clk 1:31:56]} Nxd5
{[%clk 1:30:12]} 5. Nf3 {[%clk 1:29:58]} Nc6 {[%clk 1:29:09]} 6. Nc3
{[%clk 1:29:55]} Nb6 {[%clk 1:29:05]} 7. O-O {[%clk 1:29:49]} Be7
{[%clk 1:27:20]} 8. d3 {[%clk 1:29:57]} O-O {[%clk 1:26:19]} 9. Be3
{[%clk 1:28:55]} Re8 {[%clk 1:24:25]} 10. Rc1 {[%clk 1:25:51]} Bg4
{[%clk 1:20:02]} 11. a3 {[%clk 1:21:15]} Bf8 {[%clk 1:19:13]} 12. Ne4
{[%clk 1:10:13]} Nd4 {[%clk 1:06:19]} 13. Bxd4 {[%clk 0:51:56]} exd4
{[%clk 1:06:37]} 14. Re1 {[%clk 0:51:33]} c6 {[%clk 0:35:19]} 15. Qc2
{[%clk 0:39:10]} Rc8 {[%clk 0:16:06]} 16. Nc5 {[%clk 0:30:11]} Rc7
{[%clk 0:13:16]} 17. b4 {[%clk 0:26:48]} Nd7 {[%clk 0:11:16]} 18. Nb3
{[%clk 0:19:53]} Bxf3 {[%clk 0:08:37]} 19. Bxf3 {[%clk 0:19:40]} Ne5
{[%clk 0:07:53]} 20. Bg2 {[%clk 0:16:57]} Ng4 {[%clk 0:04:00]} 21. Qc4
{[%clk 0:12:40]} Rd7 {[%clk 0:04:01]} 22. Bh3 {[%clk 0:11:21]} Ne5
{[%clk 0:04:07]} 23. Qc2 {[%clk 0:11:27]} Rde7 {[%clk 0:03:59]} 24. Bg2
{[%clk 0:09:21]} Rd7 {[%clk 0:03:32]} 25. Bh3 {[%clk 0:08:25]} Rde7
{[%clk 0:03:56]} 26. Bg2 {[%clk 0:08:28]} Qd7 {[%clk 0:02:57]} 27. Rcd1
{[%clk 0:05:43]} h5 {[%clk 0:02:09]} 28. Qd2 {[%clk 0:03:32]} Ng6
{[%clk 0:02:02]} 29. Be4 {[%clk 0:02:32]} Ne5 {[%clk 0:01:07]} 30. Qg5
{[%clk 0:01:54]} g6 {[%clk 0:01:29]} 31. Nc5 {[%clk 0:01:21]} Qd6
{[%clk 0:01:39]} 32. Bg2 {[%clk 0:01:22]} Bg7 {[%clk 0:01:57]} 33. Ne4
{[%clk 0:01:10]} Qe6 {[%clk 0:02:07]} 34. h4 {[%clk 0:00:53]} Nd7
{[%clk 0:01:39]} 35. Kh2 {[%clk 0:00:48]} Kh7 {[%clk 0:01:36]} 36. Qf4
{[%clk 0:00:47]} Qe5 {[%clk 0:00:55]} 37. Ng5+ {[%clk 0:00:44]} Kg8
{[%clk 0:01:15]} 38. Qd2 {[%clk 0:00:37]} Bh6 {[%clk 0:01:12]} 39. f4
{[%clk 0:00:41]} Qe3 {[%clk 0:01:21]} 40. Qxe3 {[%clk 0:30:57]} Rxe3
{[%clk 0:31:44]} 41. Bf3 {[%clk 0:27:41]} Bxg5 {[%clk 0:19:17]} 42. hxg5
{[%clk 0:27:11]} Nb6 {[%clk 0:19:11]} 43. Kg2 {[%clk 0:22:03]} Nc8
{[%clk 0:19:02]} 44. Rh1 {[%clk 0:20:42]} Nd6 {[%clk 0:18:36]} 45. Kf2
{[%clk 0:19:35]} Nb5 {[%clk 0:09:05]} 46. Ra1 {[%clk 0:19:00]} Nc3
{[%clk 0:08:20]} 47. Rhe1 {[%clk 0:18:42]} R8e6 {[%clk 0:06:40]} 48. Rac1
{[%clk 0:17:45]} Kf8 {[%clk 0:06:42]} 49. Rc2 {[%clk 0:16:14]} Ke7
{[%clk 0:06:45]} 50. Rxc3 {[%clk 0:13:11]} dxc3 {[%clk 0:07:07]} 51. Be4
{[%clk 0:13:21]} R3xe4 {[%clk 0:06:50]} 52. dxe4 {[%clk 0:13:46]} Rxe4
{[%clk 0:07:10]} 53. Rc1 {[%clk 0:13:13]} Rc4 {[%clk 0:07:34]} 54. Rc2
{[%clk 0:13:21]} Ke6 {[%clk 0:07:28]} 55. Kf3 {[%clk 0:12:17]} Kd5
{[%clk 0:07:15]} 56. Ke3 {[%clk 0:10:35]} c5 {[%clk 0:05:06]} 57. b5
{[%clk 0:09:38]} Re4+ {[%clk 0:01:48]} 58. Kf3 {[%clk 0:03:30]} Kd4
{[%clk 0:01:53]} 59. a4 {[%clk 0:03:07]} Re3+ {[%clk 0:01:55]} 60. Kf2
{[%clk 0:03:29]} Re6 {[%clk 0:02:09]} 61. Ke1 {[%clk 0:02:35]} Kc4
{[%clk 0:02:23]} 62. Kd1 {[%clk 0:01:50]} Re3 {[%clk 0:02:29]} 63. Rc1
{[%clk 0:01:40]} Rxg3 {[%clk 0:02:37]} 64. Kc2 {[%clk 0:02:00]} Rg2
{[%clk 0:02:57]} 65. Re1 {[%clk 0:02:14]} h4 {[%clk 0:03:09]} 0-1